00632 2200217 4500001002100000005001700021008004100038020001800079035002400097040001200121082001100133090002000144100002500164245009100189260002800280300002100308650003100329850001200360990002500372990001700397YOGYA-1111000000001320111101004935.0 ind  a979-781-068-2 0010-111100000000013 aYOPDYOG a297.57 aKS 297.57 Sai K aSAIFUL HADI EL-SUTHA aKado terindah untuk orang berdosa:Tuntunan merah husnul khotimahcSaiful Hadi El-Sutha aJakartabErlanggac2005 axii,145hlmc19cm aKehidupan beragama (Islam) aYOPDYOG a2911-2912-KS/B.11b2 a2911-KS/B.11